000 00250nam a2200097Ia 4500
008 220204s9999 xx 000 0 und d
082 _a003
_bCHI
245 0 _aDouble day children's encyclopedia. 4 V
260 _aNew York
_bDoubleday
_c1989
942 _cBK
999 _c40227
_d40227